000 00794nam a2200253Ia 4500
003 OSt
005 20220916110922.0
006 a|||||r|||| 00| 0
007 ta
008 220915b |||||||| |||| 00| 0 hin d
024 _a192301
037 _cTextbook
040 _bhin
_aARTS
_cARTS
041 _ahin
082 _aO152,1N19x, L9
100 _aअग्रवाल, भारत भूषण
245 0 _aसेतु बन्धन
246 _aSetu bandhana
260 _aदिल्ली
_bवाणी प्रकाशन भारत
_c1979
300 _a58 पृ0
_ccm.
650 _aहिन्दी साहित्य
942 _hO152,1N19x, L9
_cTB
_2CC
999 _c101383
_d101383